000 00639nam a2200181Ia 4500
008 151202s9999||||xx |||||||||||||| ||und||
082 _bPNVM-67574
100 _aइंगळे व.न.
245 _aनोबेल भूषण अमर्त्य सेन.
260 _bसाकेत प्रकाशन औरंगाबाद.
260 _c67574
300 _a190
600 _aइंगळे व.न.
630 _aनोबेल भूषण अमर्त्य सेन.
700 _aइंगळे व.न.
730 _aनोबेल भूषण अमर्त्य सेन.
942 _cBOOK
999 _c1334103
_d1334100